000 00530 a2200169 4500
005 20250522154637.0
020 _a978-0-07-286578-3
082 _a658. 8 DWY
100 _aDWYER, F. R.
245 _aBusiness Marketing: Connecting, Strategy, Relationships, and Learning
250 _a3rd Ed.
260 _aNew York,
_bMcGraw-Hill,
_c2006.
300 _axxix, 683p.: ill.; picture, table.
_bGlossary, index.
_c27cm.
700 _aTANNER, J. F.
856 _yAccess online book
_fBusiness Marketing
_dwww.mhhe.com
942 _2ddc
_cBKS
999 _c2548
_d2548